000 00426nam a2200157Ia 4500
008 100122s9999 xx 000 0 und d
082 _b57035
_a923.254
100 _aखाडिलकर नीलकंठ
245 _aनेताजी
250 _a0
260 _bपरचुरे प्रक ाशन
_c1999
300 _a113
630 _aनेताजी
730 _aनेताजी
942 _cBOOK
999 _c433351
_d433348